[Event "AUT-ch U16"]
[Site "St Veit"]
[Date "2015.04.01"]
[Round "6.8"]
[White "Fasching, Markus"]
[Black "Frank, Jeremias"]
[Result "1-0"]
[WhiteElo "1715"]
[BlackElo "1911"]
[PlyCount "36"]
[EventDate "2015.03.29"]
[EventType "swiss"]
[EventRounds "7"]
[EventCountry "AUT"]
[SourceTitle "EXT 2024"]
[Source "ChessBase"]
[SourceDate "2023.10.10"]
[SourceVersion "1"]
[SourceVersionDate "2023.10.10"]
[SourceQuality "1"]

1. e4 e5 2. Nf3 Nc6 3. Bc4 Bc5 4. 0-0 Nf6 5. d4 exd4 6. e5 d5 7. exf6 dxc4 8. fxg7 Rg8 9. Re1+ Be6 10. Ng5 Qf6 11. Qh5 0-0-0 12. Nxe6 fxe6 13. Qxc5 Qxg7 14. g3 Rd5 15. Qxc4 Qg4 16. Nd2 Na5 17. Qe2 Qh3 18. Qxe6+ Rd7 1-0

[Event "Neumarkt am Wallersee op 13th"]
[Site "Neumarkt am Wallersee"]
[Date "2014.08.29"]
[Round "7"]
[White "Spindler, Joachim"]
[Black "Frank, Jeremias"]
[Result "1-0"]
[WhiteElo "2148"]
[BlackElo "1911"]
[PlyCount "39"]
[EventDate "2014.08.23"]
[EventType "swiss"]
[EventRounds "9"]
[EventCountry "AUT"]
[SourceTitle "EXT 2016"]
[Source "ChessBase"]
[SourceDate "2015.10.08"]
[SourceVersion "1"]
[SourceVersionDate "2015.10.08"]
[SourceQuality "1"]

1. e4 e5 2. Nc3 Nf6 3. Nf3 Nc6 4. Bb5 Nd4 5. Bc4 Nxf3+ 6. Qxf3 Bc5 7. Qg3 Qe7 8. d3 0-0 9. Bg5 c6 10. 0-0-0 Kh8 11. f4 exf4 12. Qxf4 Bd4 13. Ne2 Be5 14. Qh4 Qc5 15. Bb3 h6 16. Bxh6 Bxb2+ 17. Kxb2 Qe5+ 18. d4 Qxe4 19. Bf4+ Kg8 20. Nc3 1-0

[Event "Neumarkt am Wallersee op 13th"]
[Site "Neumarkt am Wallersee"]
[Date "2014.08.24"]
[Round "2"]
[White "Frank, Jeremias"]
[Black "Frank, Emanuel"]
[Result "0-1"]
[WhiteElo "1911"]
[BlackElo "2158"]
[PlyCount "84"]
[EventDate "2014.08.23"]
[EventType "swiss"]
[EventRounds "9"]
[EventCountry "AUT"]
[SourceTitle "EXT 2016"]
[Source "ChessBase"]
[SourceDate "2015.10.08"]
[SourceVersion "1"]
[SourceVersionDate "2015.10.08"]
[SourceQuality "1"]

1. e4 e5 2. Bc4 Nc6 3. Nf3 d6 4. d3 Be7 5. c3 Nf6 6. 0-0 0-0 7. Nbd2 Na5 8. Re1 Nxc4 9. Nxc4 Be6 10. Ne3 c5 11. c4 Ne8 12. Nf5 Bxf5 13. exf5 Qd7 14. g4 h5 15. h3 hxg4 16. hxg4 g6 17. Nh2 Ng7 18. fxg6 fxg6 19. Be3 Ne6 20. Nf1 Bh4 21. Nd2 Nf4 22. Ne4 Rf7 23. Rf1 Nxd3 24. Qxd3 Qxg4+ 25. Ng3 Bxg3 26. f3 Qh5 27. Qd2 Rh7 28. Qg2 Bh2+ 29. Kf2 Qh4+ 30. Ke2 Qxc4+ 31. Kd2 Qf7 32. Rh1 Bf4 33. Rxh7 Bxe3+ 34. Kxe3 Qxh7 35. Rh1 Qg7 36. Qh3 Re8 37. Ke4 b5 38. Rd1 Qb7+ 39. Ke3 e4 40. Rxd6 exf3+ 41. Kd2 Qh7 42. Qxf3 Qh2+ 0-1

[Event "AUT-ch U18"]
[Site "Woerth"]
[Date "2014.04.16"]
[Round "6"]
[White "Leonhartsberger, Simon"]
[Black "Frank, Jeremias"]
[Result "0-1"]
[WhiteElo "1732"]
[BlackElo "1940"]
[PlyCount "114"]
[EventDate "2014.04.13"]
[EventType "swiss"]
[EventRounds "7"]
[EventCountry "AUT"]
[SourceTitle "EXT 2015"]
[Source "ChessBase"]
[SourceDate "2014.11.20"]
[SourceVersion "1"]
[SourceVersionDate "2014.11.20"]
[SourceQuality "1"]

1. e4 e5 2. f4 exf4 3. Nf3 g5 4. Bc4 Nc6 5. 0-0 Bg7 6. c3 h6 7. d4 d6 8. g3 Bh3 9. Rf2 g4 10. Nh4 f3 11. Nf5 Bf6 12. Qb3 Qd7 13. Qxb7 Rb8 14. Qa6 Nge7 15. Nxe7 Kxe7 16. Qa3 Kd8 17. Nd2 Be7 18. b4 Bf6 19. Nb3 h5 20. b5 Ne7 21. Qxa7 Qc8 22. Qa5 h4 23. Bf4 Ra8 24. Qb4 Ng6 25. b6 Qd7 26. b7 Rb8 27. Bb5 c6 28. Bxd6 Rxb7 29. Nc5 Rxb5 30. Nxd7 Rxb4 31. Bxb4 Kxd7 32. e5 Bg5 33. Re1 hxg3 34. hxg3 Ne7 35. Bxe7 Kxe7 36. Rh2 Rh6 37. c4 Kd7 38. Kf2 f5 39. exf6 Rxf6 40. Re5 Bd2 41. Rh1 Rd6 42. Re4 Bc3 43. Rd1 Re6 44. Rxe6 Kxe6 45. Rd3 Bb4 46. Re3+ Kd6 47. Rb3 Ba5 48. Ra3 Bd8 49. Re3 Bf6 50. Re4 c5 51. dxc5+ Kxc5 52. Ke3 Bd4+ 53. Rxd4 f2 54. Rf4 f1Q 55. Rxf1 Bxf1 56. a4 Bxc4 57. a5 Kb5 0-1

[Event "Neumarkt am Wallersee op 11th"]
[Site "Neumarkt am Wallersee"]
[Date "2012.08.28"]
[Round "3"]
[White "Frank, Jeremias"]
[Black "Erlach, Olaf"]
[Result "1-0"]
[WhiteElo "1881"]
[BlackElo "2200"]
[PlyCount "172"]
[EventDate "2012.08.26"]
[EventType "swiss"]
[EventRounds "9"]
[EventCountry "AUT"]
[SourceTitle "EXT 2013"]
[Source "ChessBase"]
[SourceDate "2012.11.22"]
[SourceVersion "1"]
[SourceVersionDate "2012.11.22"]
[SourceQuality "1"]

1. e4 c6 2. d4 d5 3. exd5 cxd5 4. c4 Nf6 5. Nc3 e6 6. Nf3 Nc6 7. cxd5 Nxd5 8. a3 Be7 9. Bd3 0-0 10. 0-0 Bf6 11. Bc2 Re8 12. Qd3 g6 13. Bh6 Nce7 14. Ne4 Bh8 15. Bg5 f6 16. Bd2 b6 17. Rfe1 Nf5 18. Rac1 Nd6 19. Bb3 Nxe4 20. Qxe4 Bb7 21. Rc4 Rc8 22. Rec1 Rxc4 23. Bxc4 Qd7 24. Bb3 Nc3 25. Qd3 Ne4 26. Qc2 Rc8 27. Qd3 Nc5 28. Qe3 Nxb3 29. Rxc8+ Qxc8 30. Qxb3 Bg7 31. Kf1 Bd5 32. Qa4 a5 33. Qd1 Qc4+ 34. Ke1 Bxf3 35. Qxf3 h5 36. Bc3 f5 37. Qa8+ Bf8 38. Qb8 Qc6 39. Qg3 Kf7 40. Qg5 Qe4+ 41. Kd2 Bg7 42. f3 Qd5 43. Qe3 e5 44. Ke2 Qb5+ 45. Kd2 Qf1 46. dxe5 Qxg2+ 47. Kd3 Qf1+ 48. Kd2 Qg2+ 49. Kd3 Ke8 50. Qxb6 Qxf3+ 51. Kc2 Qe4+ 52. Kd1 Qh1+ 53. Kc2 Qxh2+ 54. Kb3 a4+ 55. Kxa4 Qf4+ 56. Kb3 Qg3 57. Qe6+ Kf8 58. Qc8+ Ke7 59. Qc7+ Kf8 60. Qd8+ Kf7 61. e6+ Kxe6 62. Qg8+ Kd7 63. Qxg7+ Kc8 64. Qf8+ Kd7 65. Qf7+ Kc8 66. Ka2 h4 67. Qe6+ Kb7 68. Qd7+ Qc7 69. Qb5+ Qb6 70. Qd5+ Qc6 71. Qf7+ Qc7 72. Qxg6 Qc4+ 73. Kb1 Qd3+ 74. Kc1 h3 75. Qg7+ Kc6 76. Qf6+ Kd7 77. Qf7+ Kc8 78. Qe8+ Kb7 79. Qe7+ Kc8 80. Be5 Qc4+ 81. Kd2 Qd5+ 82. Kc3 Qc6+ 83. Kd4 Qe4+ 84. Kc5 Qc2+ 85. Kd6 Qd2+ 86. Ke6 Qc2 1-0

[Event "AUT-ch U16"]
[Site "Untersiebenbrunn"]
[Date "2012.04.05"]
[Round "7"]
[White "Frank, Jeremias"]
[Black "Ofner, Maximilian"]
[Result "0-1"]
[WhiteElo "1861"]
[BlackElo "1836"]
[PlyCount "108"]
[EventDate "2012.04.01"]
[EventType "swiss"]
[EventRounds "7"]
[EventCountry "AUT"]
[SourceTitle "CBM 147 Extra"]
[Source "ChessBase"]
[SourceDate "2012.04.24"]
[SourceVersion "1"]
[SourceVersionDate "2012.04.24"]
[SourceQuality "1"]

1. e4 c6 2. d4 d5 3. exd5 cxd5 4. c4 Nf6 5. Nc3 Nc6 6. Nf3 Bg4 7. cxd5 Nxd5 8. Be2 e6 9. a3 Be7 10. 0-0 0-0 11. Re1 Bf6 12. Ne5 Bxe2 13. Rxe2 Nxc3 14. bxc3 Nxe5 15. Bf4 Ng6 16. Bg3 Rc8 17. Qb3 Qb6 18. Qd1 Rxc3 19. Rb1 Qxd4 20. Rd2 Qc5 21. Bd6 Qc4 22. Bxf8 Nxf8 23. h3 Rxa3 24. Rc2 Qa4 25. Rxb7 Ra1 26. Rb1 Rxb1 27. Qxb1 Qa1 28. Qxa1 Bxa1 29. Kf1 h6 30. Ke2 Bd4 31. Kd3 e5 32. f4 f6 33. fxe5 fxe5 34. Ke4 Kh7 35. g4 Ne6 36. h4 Nc5+ 37. Kf5 g6+ 38. Kf6 e4+ 39. Kf7 e3 40. Re2 Ne4 41. g5 Ng3 42. h5 Nxh5 43. Rc2 hxg5 44. Rg2 Kh6 45. Rc2 g4 46. Rc6 Nf4 47. Rc4 e2 48. Rxd4 e1Q 49. Rxf4 g3 50. Rf6 Qf2 51. Kg8 Kg5 52. Ra6 g2 53. Ra5+ Qf5 54. Rxf5+ Kxf5 0-1

[Event "Neumarkt am Wallersee op 10th"]
[Site "Neumarkt am Wallersee"]
[Date "2011.08.26"]
[Round "7"]
[White "Melde, Volker"]
[Black "Frank, Jeremias"]
[Result "1/2-1/2"]
[WhiteElo "1944"]
[BlackElo "1839"]
[PlyCount "45"]
[EventDate "2011.08.20"]
[EventType "swiss"]
[EventRounds "9"]
[EventCountry "AUT"]
[SourceTitle "CBM 144 Extra"]
[Source "ChessBase"]
[SourceDate "2011.10.28"]
[SourceVersion "1"]
[SourceVersionDate "2011.10.28"]
[SourceQuality "1"]

1. c4 e5 2. Nc3 Nc6 3. g3 g6 4. d3 Bg7 5. Bg2 d6 6. e4 f5 7. Nge2 Nf6 8. Nd5 h6 9. b4 0-0 10. Rb1 Ne7 11. Nxf6+ Rxf6 12. 0-0 g5 13. exf5 Nxf5 14. d4 Nxd4 15. Nxd4 exd4 16. Qxd4 Bf5 17. Rb3 c6 18. Bb2 Bc2 19. Rf3 Rf7 20. Qd2 Rxf3 21. Bxf3 Bxb2 22. Qxc2 Qf6 23. Bh5 1/2-1/2

[Event "AUT-ch U14"]
[Site "Eisenstadt"]
[Date "2010.05.25"]
[Round "7.6"]
[White "Frank, Jeremias"]
[Black "Berger, Tobias"]
[Result "0-1"]
[WhiteElo "1632"]
[BlackElo "1656"]
[PlyCount "68"]
[EventDate "2010.05.22"]
[EventType "swiss"]
[EventRounds "7"]
[EventCountry "AUT"]
[SourceTitle "EXT 2024"]
[Source "ChessBase"]
[SourceDate "2023.10.10"]
[SourceVersion "1"]
[SourceVersionDate "2023.10.10"]
[SourceQuality "1"]

1. e4 c5 2. Nf3 d6 3. d4 cxd4 4. Nxd4 Nf6 5. Nc3 a6 6. Bg5 e6 7. f4 Be7 8. Qf3 Qc7 9. 0-0-0 Nbd7 10. Bd3 Nc5 11. Rhe1 Bd7 12. f5 Nxd3+ 13. Rxd3 Rf8 14. Rde3 0-0-0 15. e5 dxe5 16. Rxe5 Bd6 17. R5e3 e5 18. Nd5 Nxd5 19. Bxd8 Rxd8 20. Qxd5 exd4 21. Rb3 Ba4 22. Kb1 Bxb3 23. axb3 Bb4 24. Qe4 Bxe1 25. Qxe1 Qd7 26. Qb4 Qxf5 27. Qc4+ Kb8 28. Ka2 d3 29. cxd3 Rxd3 30. Qa4 Qb5 31. Qf4+ Ka8 32. Qxf7 Qa5+ 33. Kb1 Rd1+ 34. Kc2 Qd2# 0-1

[Event "AUT-ch U14"]
[Site "Eisenstadt"]
[Date "2010.05.22"]
[Round "2.4"]
[White "Penz, Florian"]
[Black "Frank, Jeremias"]
[Result "1/2-1/2"]
[WhiteElo "1452"]
[BlackElo "1632"]
[PlyCount "72"]
[EventDate "2010.05.22"]
[EventType "swiss"]
[EventRounds "7"]
[EventCountry "AUT"]
[SourceTitle "EXT 2024"]
[Source "ChessBase"]
[SourceDate "2023.10.10"]
[SourceVersion "1"]
[SourceVersionDate "2023.10.10"]
[SourceQuality "1"]

1. d4 d5 2. c4 e6 3. Nc3 c6 4. Nf3 dxc4 5. a4 Bb4 6. e4 b5 7. Qc2 a6 8. Bd2 Bb7 9. Be2 Nf6 10. 0-0 Nbd7 11. Bg5 h6 12. Bh4 Qb6 13. Rfd1 0-0 14. e5 Nd5 15. Ne4 c5 16. dxc5 Nxc5 17. Nd6 Nb3 18. Rab1 Bxd6 19. exd6 Qxd6 20. Nd4 Nxd4 21. Rxd4 Qc6 22. Bf3 Ra7 23. Rbd1 Ba8 24. Rg4 Qb6 25. Qd2 f5 26. Rg6 Kh7 27. a5 Qc7 28. Rxe6 Nf4 29. Re7 Qc5 30. Rxa7 Qxa7 31. Qxf4 g5 32. Bxg5 hxg5 33. Qd6 Bxf3 34. gxf3 Rf7 35. Qe5 Qe7 36. Qxe7 Rxe7 1/2-1/2